Datum a čas kvízu

30 Celkem bodů Celkový počet nahraných bodů na tomto kvízu bez doplňovacích otázek.
7. Pořadí na kvízu Konečné umístění týmu na tomto kvízu.

Zaznamenané odpovědi

# Otázka Odpověď Body Výsledky
1. V úterý organizace Dárek pro P... po Daně Drábové 1
2. V belgické obci Lendelede byla... spodního prádla 0
3. Ve Vatikánu se po 491 letech u... Karel III. 0
4. Počátkem týdne jsme se dozvědě... L’Oréal 1
5. Kterému zimnímu sportu se věnu... biatlonu 0
6. Dnešní zeměpisné téma otevírám... Golčův Jeníkov, Gmünd 0
7. Které z následujících tvrzení... B 0
8. V další otázce bude vaším úkol... 1D 2B 3C 4A 0
9. Napište název města obsahující... Nagasaki 1
10. V této koláži jsou spojené vla... Gruzie, Guatemala 0.5